LEADER 01133nam0 2200289 i 450 001 SUN0004910 005 20120319105245.581 010 $a88-14-09039-4 100 $a20020805d2001 |0itac50 ba 101 $aita 102 $aIT 105 $a|||| ||||| 200 1 $aAdozione e affidamento dei minori$ecommento alla nuova disciplina (L. 28 marzo 2001, n. 149 e D.L. 24 aprile 2001, n. 150)$fAlfio Finocchiaro, Mario Finocchiaro 210 $aMilano$cGiuffrè$d2001 215 $aXI, 176 p.$d23 cm. 606 $aAdozione$xLegislazione$2FI$3SUNC003025 606 $aAffidamento$xLegislazione$2FI$3SUNC003026 620 $dMilano$3SUNL000284 676 $a346.15$v21 700 1$aFinocchiaro$b, Alfio$3SUNV004357$028898 701 1$aFinocchiaro$b, Mario$3SUNV004358$028899 712 $aGiuffrè$3SUNV001757$4650 801 $aIT$bSOL$c20181231$gRICA 912 $aSUN0004910 950 $aUFFICIO DI BIBLIOTECA DEL DIPARTIMENTO DI GIURISPRUDENZA$d00CONS XV.Ef.32 $e00 20400 20020805 996 $aAdozione e affidamento dei minori$9968176 997 $aUNICAMPANIA LEADER 01184nas 2200373-- 450 001 9910135042503321 005 20260218110153.0 035 $a(CKB)110985822457102 035 $a(CONSER)sc-82001130- 035 $a(DE-599)ZDB2543648-X 035 $a(DE-599)2543648-X 035 $a(EXLCZ)99110985822457102 100 $a19801210a19799999 --- a 101 0 $aeng 181 $ctxt$2rdacontent 182 $cc$2rdamedia 183 $acr$2rdacarrier 200 10$aAASP newsletter 210 $a[Denver, CO]$cAmerican Association of Stratigraphic Palynologists 215 $a1 online resource 311 08$aPrint version: AASP newsletter. 0732-6041 (DLC)sc 82001130 (OCoLC)7024990 517 3 $aAmerican Association of Stratigraphic Palynologists newsletter 531 0 $aAASP newsl. 606 $aPalynology$vPeriodicals 606 $aPalynology$2fast$3(OCoLC)fst01051826 608 $aPeriodicals.$2fast 615 0$aPalynology 615 7$aPalynology. 712 02$aAmerican Association of Stratigraphic Palynologists. 906 $aJOURNAL 912 $a9910135042503321 920 $aexl_impl conversion 996 $aAASP newsletter$91921081 997 $aUNINA